000 00772nam a22002657a 4500
001 BR8703709
003 BR-BrBNA
005 20230928092625.0
007 ta
008 230509b bl.||||| |||| 00| 0 por d
040 _aBR-BrBNA
_bpor
_cBiblioteca Nacional de Agricultura
041 _a(Por)
072 _aE13; E21
_b/G514
090 _ E13 BR8703709
110 1 _aProjeto Nordeste, Recife, PE (Brasil)
_98080
245 1 _aSintese do relatorio final do grupo 2. Instrumento: fomento a pequenas agroindustrias
260 3 _aRecife, PE (Brasil):
_c1983.
300 _a11 p.
500 _a9 tables
650 _aINDUSTRIA AGRICOLA
650 _aRECURSO ECONOMICO
650 _aPROJETO DE DESENVOLVIMENTO
909 _a202309
_bLucia
_c55
_dLucia Elande
942 _cBK
999 _c40221
_d40221